| 000 | 00597nam a2200169 a 4500 | ||
|---|---|---|---|
| 001 | 3737 | ||
| 003 | CDMR | ||
| 005 | 20130321195012.0 | ||
| 008 | 130130s2002||||||||||||||||||||||||||||d | ||
| 020 | _a8489644659 | ||
| 040 |
_aCDMR _bcat _cCPC GIRONA |
||
| 100 | 1 |
_aRico, Eduardo G. _qRico, Eduardo García _92654 |
|
| 245 | 1 | 0 |
_aVida, pasión y muerte de Triunfo _b: de cómo se apagó aquella voz del progresismo español _cEduardo G. Rico ; prólogo de Alfonso Guerra ; epílogo de Gabriel Plata Parga |
| 260 |
_c2002 _bFlor del Viento _aBarcelona |
||
| 490 | 0 |
_aDel viento terral _v26 |
|
| 942 |
_cMON _2udc |
||
| 999 |
_c3737 _d3737 |
||